000 00659cam a2200241 4500
001 7034
003 BD-RjUL
005 20211208234345.0
008 140113s1966 enka 000 0 eng d
035 _a(BD-RjUL)7076
040 _aDLC
_cDLC
_dDLC
_d(BD-RjUL)
_beng
041 _aeng
082 0 0 _a510
_bKNU
100 1 _aKnight, S. A.
_q(Stephen Alfred)
_922031
245 1 0 _aUnderstanding graphs /
_c[by] S. A. Knight.
260 _aLondon ;
_aGlasgow :
_bBlackie,
_c1966.
300 _aviii, 231 p. :
_btables, diagrs. ;
_c20 cm.
350 _a18/-
650 0 _aGraphic methods.
_922032
942 _2ddc
_cBK
999 _c7034
_d7034